000 00611nam a22001817a 4500
005 20240301161826.0
010 _aENG-132199 ENG-139407
020 _a9788178246550
_c695.00
035 _aEN-115731
037 _bDBAD/PUB
082 _a320.954
245 _aThe Truths And Lies of Nationalism/
_cEdited by Partha Chetterjee
260 _aNew Delhi
_bKW Publishers Pvt. Ltd
_c2021
270 _a4676/21, First Floor, Ansari Road, Daryaganj
_e110002
_bNew Delhi
300 _axi, 184p.
_bIndex
_c23cm(hbk)
700 _aEdited by Chatterjee, Partha
_962739
942 _2ddc
_cEN
_mTHE
_h337.54058
999 _c187123
_d187123